| 000 | 00574nam a2200229Ia 4500 | ||
|---|---|---|---|
| 003 | OSt | ||
| 005 | 20221005125556.0 | ||
| 006 | a|||||r|||| 00| 0 | ||
| 007 | ta | ||
| 008 | 221004b |||||||| |||| 00| 0 tam d | ||
| 024 | _a8953 | ||
| 037 | _cTextual | ||
| 040 |
_aCRL _cCRL _btam |
||
| 041 |
_2tam _atam |
||
| 082 | _aL9C:4:6, 31J2 | ||
| 100 |
_aDurai swami aiyangar _9636847 |
||
| 245 | 0 | _aPillaip pini uakatam | |
| 260 | _c1952 | ||
| 650 | _aMEDICINE | ||
| 942 |
_hL9C:4:6, 31J2 _cTEXL _2cc |
||
| 999 |
_c1054405 _d1054405 |
||